The nest 2020 / directed and produced by Sean Durkin ; produced by Ed Guiney, Rose Garnett, Derrin Schlesinger, Christina Piovesan, Amy Jackson. (Record no. 20744)

000 -LEADER
fixed length control field 01284nam a22002657a 4500
008 - FIXED-LENGTH DATA ELEMENTS--GENERAL INFORMATION
fixed length control field 250526b xxu||||| |||| 00| 0 eng d
040 ## - CATALOGING SOURCE
Original cataloging agency Cagayan State University
082 ## - DEWEY DECIMAL CLASSIFICATION NUMBER
Edition number 791.4372
Classification number N468 2020
245 ## - TITLE STATEMENT
Title The nest 2020 / directed and produced by Sean Durkin ; produced by Ed Guiney, Rose Garnett, Derrin Schlesinger, Christina Piovesan, Amy Jackson.
260 ## - PUBLICATION, DISTRIBUTION, ETC. (IMPRINT)
Place of publication, distribution, etc Canada ;
-- United Kingdom :
Name of publisher, distributor, etc IFC Films,
Date of publication, distribution, etc 2020.
300 ## - PHYSICAL DESCRIPTION
Extent 1 videofile, (ca.107 minutes.) :
Other physical details sound, color.
520 ## - SUMMARY, ETC.
Summary, etc Rory is an ambitious entrepreneur who brings his American wife and kids to his native country, England, to explore new business opportunities. After abandoning the sanctuary of their safe American suburban surroundings, the family is plunged into the despair of an archaic '80s Britain and their unaffordable new life in an English manor house threatens to destroy the family.
546 ## - LANGUAGE NOTE
Language note In English subtitle.
650 ## - SUBJECT ADDED ENTRY--TOPICAL TERM
Topical term or geographic name as entry element Drama.
650 ## - SUBJECT ADDED ENTRY--TOPICAL TERM
Topical term or geographic name as entry element Romance.
650 ## - SUBJECT ADDED ENTRY--TOPICAL TERM
Topical term or geographic name as entry element Thriller.
700 ## - ADDED ENTRY--PERSONAL NAME
Personal name Law, Jude, star.
700 ## - ADDED ENTRY--PERSONAL NAME
Personal name Coon, Carrie, star.
700 ## - ADDED ENTRY--PERSONAL NAME
Personal name Shotwell, Charlie, star.
700 ## - ADDED ENTRY--PERSONAL NAME
Personal name Roche, Oona, star.
700 ## - ADDED ENTRY--PERSONAL NAME
Personal name Akhtar, Adeel, star.
700 ## - ADDED ENTRY--PERSONAL NAME
Personal name Erdély, Mátyás, cinematographer.
700 ## - ADDED ENTRY--PERSONAL NAME
Personal name Hannam, Matthew, editor.
942 ## - ADDED ENTRY ELEMENTS (KOHA)
Source of classification or shelving scheme
Item type Audio-Visual Materials
Holdings
Source of acquisition Price effective from Permanent location Date last seen Not for loan Date acquired Source of classification or shelving scheme Koha item type Collection code Shelving location Damaged status Lost status Withdrawn status Current location Full call number
Donation 2025-05-26Cagayan State University - Carig Library2025-05-26 2025-05-26 Audio-Visual MaterialsElectronic Media CenterAudio Visual   Cagayan State University - Carig LibraryT3745

Cagayan State University University Library, Carig Campus
Tuguegarao City, Cagayan 3500 | www.csucarig.edu.ph

Powered by Koha